[Event "Colombo Golden Jubilee op"]
[Site "Colombo"]
[Date "2022.11.24"]
[Round "4"]
[White "Gunathilake, MD Vinuda Shenal"]
[Black "Wadduwage, Thamindu Upeksha"]
[Result "1-0"]
[WhiteElo "1769"]
[BlackElo "1057"]
[PlyCount "83"]
[EventDate "2022.11.23"]
[EventType "swiss"]
[EventRounds "9"]
[EventCountry "SRI"]
[SourceTitle "CBM 211 Extra"]
[Source "ChessBase"]
[SourceDate "2023.01.31"]
[SourceVersion "1"]
[SourceVersionDate "2023.01.31"]
[SourceQuality "1"]

1. d4 d5 2. c4 c6 3. cxd5 Qxd5 4. Nc3 Qd8 5. e4 e6 6. Be3 Nf6 7. Bd3 Be7 8. f3 Nbd7 9. Nge2 c5 10. 0-0 cxd4 11. Nxd4 a6 12. Rc1 Bc5 13. Bf2 0-0 14. Na4 Bxd4 15. Bxd4 e5 16. Be3 b5 17. Nc3 Qe7 18. Qe2 Rd8 19. Rfd1 h6 20. Qf2 Bb7 21. Ne2 Rac8 22. Ng3 Rxc1 23. Rxc1 Rc8 24. Rd1 Qe6 25. Nf5 Kh7 26. b3 Ng8 27. Bf1 Rc6 28. a4 b4 29. Bc4 Qe8 30. Nd6 Qb8 31. Nxb7 Qxb7 32. Bxf7 Ndf6 33. Bc4 Ne7 34. g4 Ng6 35. h4 Qc8 36. Qg3 Qc7 37. Kh1 Rd6 38. Re1 Rc6 39. g5 Nh5 40. Qg4 Ngf4 41. Bxf4 Nxf4 42. Qf5+ 1-0